| 000 | 005120000a22001810004500 | ||
|---|---|---|---|
| 003 | MACL | ||
| 005 | 20150726131339.0 | ||
| 008 | 150726b xxu||||| |||| 00| 0 eng d | ||
| 040 |
_aMACL _cMACL |
||
| 041 | _aEnglish | ||
| 082 | _a331/SCH | ||
| 100 |
_aSandbergen Loes Schenk _92552 |
||
| 245 |
_aWomen And Seasonal Labour Migration _bIndo Dutch Studies On Development Alternatives |
||
| 260 |
_bSage Publications _c1995 _aNew Delhi |
||
| 350 | _a200 | ||
| 650 |
_aLabour Economices _92538 |
||
| 942 |
_cBK _k331 _2ddc |
||
| 999 |
_c2776 _d2776 |
||